000 00609nam a2200277Ia 4500
005 20260401122202.0
008 008 250103s9999 xx 000 0 eng d
020 _a8125013458
037 _aTB
040 _aEDL
040 _beng
040 _cEDL
041 _2eng
041 _aeng
084 _a820.7 THA
084 _qEDL
245 0 _aSubject to Change: Teaching Literature in the Nineties
260 _aNew Delhi
260 _bOrient Longman
260 _c1998
300 _a308p
942 _cTB
942 _h820.7 THA
999 _c1845490
_d1845490